Bulantı/ (Record no. 14669)

MARC details
000 -BAŞLIK
Sabit Uzunlukta Kontrol Alanı 00604nam a22002057a 4500
999 ## - SİSTEM KONTROL NUMARALARI (KOHA)
Koha Biblionumber 14669
Koha Biblioitemnumber 14669
003 - KONTROL NUMARASI IDENTIFIER
Denetim Alanı MIRAKIL
005 - SON İŞLEM TARİHİ VE ZAMANI
Denetim Alanı 20211209104427.0
008 - SABİT-BOY VERİ ELEMANLARI - GENEL BİLGİLER
Sabit Uzunlukta Kontrol Alanı 211209b tu ||||| |||| 00| 0 tur d
040 ## - KATALOGLAMA KAYNAK
Orijinal Kataloglama Ajansı TR-AnCHP
Metne Dönüştürmek Ajansı TR-AnCHP
041 ## - DİL KODU
Metin / Ses Parça Veya Ayrı Başlığın Dil Kodu tur
082 ## - DEWEY ONLU SINIFLANDIRMA NUMARASI
Sınıflandırma Numarası 843.91
Ürün Numarası S26b 1964
100 1# - ANA GİRİŞ - KİŞİSEL İSİM
Kişisel Ad Sartre, Jean Paul
245 10 - BAŞLIK TABLOSU
Başlık Bulantı/
Sorumluluk Tablosu, Vb Jean Paul Sartre; çeviren Selahattin Hilav
260 ## - YAYIN, DAĞITIM, VB
Yayın, Dağıtım, Vb Yeri İstanbul:
Yayıncı, Dağıtıcı, Vs Adı Ataç Kitabevi
Yayın, Dağıtım, Vb Tarihi 1964.
300 ## - FİZİKSEL TANIM
Kapsam 183 s.:
Boyutlar 19 sm.
490 0# - SERİSİ TABLOSU
Seri Beyanı Ataç Kitabevi Yayınları,
Hacim / Ardışık Tanımı 79.
650 #0 - KONU KATMA GİRİŞ - TOPİKAL DÖNEM
9 (RLIN) 5051
Topikal Süreli Veya Coğrafi Ad Giriş Elemanı Fransız Edebiyatı
Genel Alt Bölümü Roman
700 ## - KATMA GİRİŞ - KİŞİSEL İSİM
9 (RLIN) 6870
Kişisel Ad Hilav, Selahattin
Relator Terim çev.
942 ## - EKLENDİ GİRİŞ ELEMANLARI (KOHA)
Sınıflandırma Veya Raf Düzeni Kaynak Dewey Decimal Classification
Koha Öğesi Türü Books
Holdings
Kalıcı Konum Mevcut Konum Edinme Tarihi Toplam Check-Out'Lar Tam Çağrı Numarası Barkod Tarih Son Görülme İtibaren Geçerli Fiyatlar Sigara Kamu Notu Koha Öğesi Türü
CHP Kütüphanesi CHP Kütüphanesi 12/09/2021   843.91 S26b 1964 020158 12/09/2021 12/09/2021 Emin Değer Bağışıdır. Books